000 00728nam a22002177a 4500
999 _c20345
_d20345
003 AR-CdUCM
008 190529b ||||| |||| 00| 0 spa d
040 _aMUNICIPALIDAD PROVINCIAL DEL CUSCO
_cBIBLIOTECA MUNICIPAL DEL CUSCO
082 _a985.07 /
_bB96
100 _aBustamante Robles, Carlos E.
_942549
245 _aApellido símbolo Leguia Salcedo /
260 _aLima :
_c1928.
300 _a162 páginas ;
_c24 cm.
505 _aContenido : Notas marginales -- Apuntes sobre política -- Tríptico familiar -- Educación y tendencias...
650 _aBiografía
_922
650 _aHistoria familiar
_942550
650 _aSucesos
_918461
700 _aLimaco, Eladio
_942551
942 _2ddc
_cLIBROS
945 _arcc